000 00475pab a2200181 454500
008 180718b1999 xxu||||| |||| 00| 0 eng d
100 _aRajurkar, Shashank
245 _aIssues facing the Indian venture capital industry
260 _c1999
300 _ap.384-86
362 _aOct-Dec
650 _aIndia - Industries
650 _aVenture capital - India
650 _aJoint ventures - India
650 _aVenture capital
773 _aProductivity
909 _a44172
999 _c44172
_d44172